Which Poet Wrote It? (A-Z) Quiz Stats

 Plays Quiz Updated Jul 30, 2017

Support Sporcle.
Go Orange.
Score 0/26 Timer 07:00
0 Plays Today
Letter/Quote Poet % Correct
A: The caged bird sings / with a fearful trillMaya Angelou
81.4%
S: Love is not love / which alters when it alteration findsWilliam Shakespeare
75.1%
K: Beauty is truth, truth beautyJohn Keats
70.2%
C: The guilty think all talk is of themselves.Geoffrey Chaucer
63%
Y: Turning and turning in the widening gyre / The falcon cannot hear the falconerWilliam Butler Yeats
62.1%
H: A friend with an understanding heart is worth no less than a brother.Homer
56.6%
O: Of bodies chang’d to various forms, I singOvid
53.4%
T: “I am half sick of shadows,” said / The Lady of ShalottAlfred, Lord Tennyson
53.3%
M: Better to reign in Hell than serve in HeavenJohn Milton
51.1%
E: In the room the women come and go / Talking of Michelangelo.T.S. Eliot
49%
V: If I cannot move heaven, I will raise hellVirgil
48.2%
P: Daddy, daddy, you bastard, I’m through.Sylvia Plath
46.6%
N: You can cut all the flowers but you cannot keep spring from coming.Pablo Neruda
45.7%
Letter/Quote Poet % Correct
F: I have been one acquainted with the night.Robert Frost
41.9%
G: I saw the best minds of my generation destroyed by madnessAllen Ginsberg
38.2%
I: Far in the North a great oak-tree soaredHenrik Ibsen
37.9%
D: The pedigree of honey / Does not concern the beeEmily Dickinson
36.1%
W: every atom belonging to me as good as belongs to you.Walt Whitman
35.8%
B: Whoever lives true life, will love true love.Elizabeth Barrett Browning
34.9%
R: The wound is the place where the Light enters you.Rumi
26.1%
L: The lotus blooms so charmingly that it seems to whisperLi Bai
25.8%
X: The search for religion is the starting point of thought.Xu Zhimo
15.7%
J: Crown of her, young Vancouver; crest of her, old QuebecPauline Johnson
13.6%
Z: I come from a musical place / Where they shoot me for my songBenjamin Zephaniah
6.6%
Q: You have blown out beauty / with a breathSalvatore Quasimodo
5.9%
U: My heart is / the most tormented country of allGiuseppe Ungaretti
3.3%

You're not logged in!

Compare scores with friends on all Sporcle quizzes.
OR
Log In
Forgot?

From the Vault

Typing Challenge: Big Four Teams Only

by Scott

Sorry European footballers, this quiz isn't for you.
Remove Ads.
Support Sporcle.
Get the best of Sporcle when you Go Orange. This ad-free experience offers more features, more stats, and more fun while also helping to support Sporcle. Thank you for becoming a member.

Show Comments

Extras

Top Quizzes Today


Score Distribution

Your Account Isn't Verified!

In order to create a playlist on Sporcle, you need to verify the email address you used during registration. Go to your Sporcle Settings to finish the process.

Report this User

Report this user for behavior that violates our Community Guidelines.

Details: